Efecto del magnesio en la fracción de a-Alfesi y b - Alfesi en una aleación de aluminio tipo 319

Presenta metalográficamente tres muestras con 0.2% de contenido de magnesio y tres con 0.5% de magnesio. Se desarrolló un procedimiento para medir cuantitativamente las diversas fases en 142 imágenes tomadas en el microscopio óptico a 500x y en 30 imágenes tomadas en el microscopio electrónico...

Full description

Bibliographic Details
Main Author: De trinidad Acevedo, María Nadezhda
Other Authors: Tutor: Castro Román, Manuel de Jesús
Format: Tesis Section = Libro
Language:Undetermined
Spanish
Published: Managua UNI 2006
Subjects:
LEADER 01123nam a2200253Ia 4500
008 240830s9999 xx 000 0 und d
040 |a BIBLIOTECA-RUPAP Mon 669.723 D483 
041 |a spa 
082 |a Mon 669.723 D483 
100 1 |a De trinidad Acevedo, María Nadezhda 
245 1 0 |a Efecto del magnesio en la fracción de a-Alfesi y b - Alfesi en una aleación de aluminio tipo 319 
260 |a Managua  |b UNI  |c 2006 
300 |a 62 p. :il. 
502 |a Tesis (Ingeniero Industrial)- UNI, 2006. 
520 3 |a Presenta metalográficamente tres muestras con 0.2% de contenido de magnesio y tres con 0.5% de magnesio. Se desarrolló un procedimiento para medir cuantitativamente las diversas fases en 142 imágenes tomadas en el microscopio óptico a 500x y en 30 imágenes tomadas en el microscopio electrónico de barrido (MEB) a 400x. 
650 7 |a MAGENCIO 
650 7 |b ALEACIONES DE ALUMINIO - 319 
650 7 |c METALOGRAFIA 
650 7 |d MICROSCOPIA 
650 7 |e MICROSCOPIO ELECTRONICO - BARRIDO 
700 1 |a Tutor:  |b Castro Román, Manuel de Jesús 
942 |c BK  |2 ddc 
991 |a TESIS 
999 |c 17773